[Event "40th Olympiad Women"]
[Site "Istanbul TUR"]
[Date "2012.08.30"]
[Round "3.34"]
[Board "3"]
[White "Yu, Sally"]
[Black "Stojkovska, Monika"]
[Result "0-1"]
[WhiteElo "1990"]
[BlackElo "1939"]
[WhiteTeam "Australia"]
[BlackTeam "FYROM"]
[WhiteFideId "3206718"]
[BlackFideId "15002594"]
[EventDate "2012.08.28"]

1. e4 c5 2. Nf3 d6 3. d4 cxd4 4. Nxd4 Nf6 5. Nc3 Nc6 6. Be2 e5 7. Nb3 Be7 8. Be3
Be6 9. Qd2 O-O 10. O-O-O a5 11. Kb1 a4 12. Nc1 a3 13. b3 Qa5 14. f3 Rfd8 15. Nd5
Qxd2 16. Rxd2 Bxd5 17. exd5 Nb4 18. Rhd1 Rdc8 19. Bc4 Rab8 20. Nd3 Nfxd5 21.
Nxb4 Nxe3 22. Nd5 Nxd5 23. Rxd5 Kf8 24. Bb5 Rc7 25. c4 g6 26. Kc2 f5 27. Kc3 Rc5
28. Kb4 Rxd5 29. Rxd5 Ra8 30. Ba4 e4 31. fxe4 fxe4 32. Rd4 e3 33. Rf4+ Kg7 34.
Kc3 Bg5 35. Rf1 Ra5 36. Bb5 Ra8 37. g3 h5 38. Kd3 Rc8 39. Bd7 Rc7 40. Be6 Re7
41. Bd5 h4 42. Ke2 hxg3 43. hxg3 Bf6 44. Rf3 Bg5 45. Rf1 b6 46. Rf3 Bh6 47. Rf1
Rc7 48. Rd1 Kf6 49. Be4 Ke6 50. g4 Rg7 51. Rd5 Rf7 52. g5 Bg7 53. Kxe3 Rf1 54.
Bxg6 Ra1 55. Bf5+ Ke7 56. Rd2 Bb2 57. Kd3 Rxa2 58. Re2+ Kf8 59. b4 Ra1 60. Kc2
Rf1 61. Kb3 Rxf5 62. Rg2 Kg7 63. Rd2 Rf3+ 64. Ka2 Be5 65. Rd5 Rc3 66. Rb5 Bd4
67. Rd5 Rxc4 68. Rxd6 Rxb4 69. Kxa3 Bc5 70. Rd7+ Kg6 71. Ka2 Kxg5 72. Rd2 Kf4
73. Re2 Be3 74. Ka3 Rb5 75. Ka4 Rb1 76. Rh2 Ke4 77. Rh7 Kd3 78. Rc7 Bc5 79. Rd7+
Kc4 80. Rd1 b5+ 81. Ka5 Rxd1 0-1

[Event "40th Olympiad Women"]
[Site "Istanbul TUR"]
[Date "2012.08.30"]
[Round "3.34"]
[Board "4"]
[White "Nikolovska, Dragana"]
[Black "Dekic, Biljana N."]
[Result "1/2-1/2"]
[BlackTitle "WIM"]
[WhiteElo "1828"]
[BlackElo "2104"]
[WhiteTeam "FYROM"]
[BlackTeam "Australia"]
[WhiteFideId "15000133"]
[BlackFideId "3200493"]
[EventDate "2012.08.28"]

1. e4 c5 2. c3 e6 3. d4 d5 4. exd5 exd5 5. Bb5+ Nc6 6. Nf3 Bd6 7. dxc5 Bxc5 8.
O-O Ne7 9. Nbd2 O-O 10. Nb3 Bd6 11. Bg5 Bg4 12. Bh4 Qb6 13. Be2 Rfe8 14. Bg3
Bxg3 15. hxg3 Nf5 16. Kh1 Re6 17. Qd2 Rae8 18. Rae1 Rh6+ 19. Nh2 Bxe2 20. Rxe2
Ree6 21. Rxe6 fxe6 22. g4 Qc7 23. g3 Nd6 24. Kg2 Ne5 25. Nd4 Ne4 26. Qe2 Nc4 27.
Nhf3 Rf6 28. g5 Rg6 29. Nh4 Rxg5 30. Nxe6 Rxg3+ 31. fxg3 Qxg3+ 32. Kh1 Qh3+ 33.
Kg1 Qxe6 34. Qf3 Nf6 35. Qg3 Nd6 36. Ng2 h6 37. Nf4 Qe5 38. Qg6 Qe3+ 39. Kg2 b6
40. Nh5 Qe2+ 41. Rf2 Qe4+ 42. Qxe4 Nfxe4 43. Rf3 Ne8 44. Rd3 N4f6 45. Nxf6+ Nxf6
46. Kg3 Kf7 47. b3 b5 48. Rd4 Ke6 49. Kf3 Ke5 50. Rb4 a6 51. a4 Ne4 52. axb5
axb5 53. Rxb5 Nxc3 54. Rb7 g5 55. Rh7 Ne4 56. b4 g4+ 57. Kg2 d4 58. b5 d3 59. b6
Nc5 60. b7 Nxb7 61. Rxb7 Ke4 62. Re7+ Kf4 63. Rd7 Ke3 64. Re7+ Kf4 65. Rf7+ Ke5 1/2-1/2

[Event "40th Olympiad Women"]
[Site "Istanbul TUR"]
[Date "2012.08.30"]
[Round "3.35"]
[Board "1"]
[White "Greeff, Melissa"]
[Black "Colombo, Camila"]
[Result "1-0"]
[WhiteTitle "WGM"]
[BlackTitle "WIM"]
[WhiteElo "2091"]
[BlackElo "2095"]
[WhiteTeam "South Africa"]
[BlackTeam "Uruguay"]
[WhiteFideId "14301504"]
[BlackFideId "3001822"]
[EventDate "2012.08.28"]

1. e4 e6 2. d3 d5 3. Nd2 Nf6 4. Ngf3 Be7 5. g3 b5 6. Bg2 Bb7 7. Qe2 c5 8. O-O
O-O 9. e5 Nfd7 10. h4 Nc6 11. Re1 Qb6 12. c3 Rab8 13. Nf1 b4 14. Bf4 bxc3 15.
bxc3 Qa5 16. Rac1 d4 17. c4 Nb4 18. Ng5 Bxg2 19. Kxg2 Qa3 20. Rcd1 h6 21. Ne4
Nxa2 22. Qh5 Nc3 23. Ra1 Qb2 24. Nfd2 Qb7 25. Kh2 Nxe4 26. Nxe4 Kh7 27. Ra2 Ra8
28. g4 f6 29. g5 fxe5 30. g6+ Kg8 31. Bxh6 gxh6 32. Qxh6 Nf6 33. Rg1 Rfc8 34. h5
Bd8 35. g7 Nh7 36. Qxe6+ Qf7 37. Qxf7+ 1-0

[Event "40th Olympiad Women"]
[Site "Istanbul TUR"]
[Date "2012.08.30"]
[Round "3.35"]
[Board "2"]
[White "Silva, Natalia"]
[Black "Van Der Merwe, Cecile H."]
[Result "1/2-1/2"]
[BlackTitle "WIM"]
[WhiteElo "1918"]
[BlackElo "2043"]
[WhiteTeam "Uruguay"]
[BlackTeam "South Africa"]
[WhiteFideId "3000575"]
[BlackFideId "14300648"]
[EventDate "2012.08.28"]

1. f4 d5 2. g3 g6 3. Nf3 Bg7 4. Bg2 Nf6 5. d3 O-O 6. O-O c5 7. Qe1 Nc6 8. c3 Qc7
9. e4 dxe4 10. dxe4 e5 11. fxe5 Ng4 12. Nbd2 Ngxe5 13. Qe2 Be6 14. Ng5 Bg4 15.
Ngf3 Rad8 16. Nc4 Nd3 17. Bg5 f6 18. Rad1 Be6 19. Bf4 Nxf4 20. gxf4 Rxd1 21.
Rxd1 Qxf4 22. Rf1 Qc7 23. b3 Rd8 24. Ne3 Ne5 25. c4 Nxf3+ 26. Bxf3 Qe5 27. Nd5
Re8 28. Kh1 Bxd5 29. cxd5 f5 30. Qc4 b5 31. Qxc5 fxe4 32. Re1 Qf5 33. Bg2 a6 34.
Qc6 Rf8 35. Bxe4 Qf2 36. Qe6+ Kh8 37. Bg2 Qf6 38. Qd7 Rd8 39. Qc7 Bh6 40. Rf1
Qh4 41. Qf7 Rf8 42. Qe6 Bf4 43. Qh3 Qxh3 44. Bxh3 Bd6 45. Rxf8+ Bxf8 46. Kg2 Kg7
47. Be6 Kf6 48. Kf3 Bd6 49. h3 Ke5 50. Ke3 1/2-1/2

[Event "40th Olympiad Women"]
[Site "Istanbul TUR"]
[Date "2012.08.30"]
[Round "3.35"]
[Board "3"]
[White "Solomons, Anzel"]
[Black "Costa, Anaclara"]
[Result "1-0"]
[WhiteTitle "WIM"]
[WhiteElo "1927"]
[BlackElo "1673"]
[WhiteTeam "South Africa"]
[BlackTeam "Uruguay"]
[WhiteFideId "14300800"]
[BlackFideId "3005666"]
[EventDate "2012.08.28"]

1. Nf3 e6 2. d3 d5 3. g3 c5 4. Bg2 Nf6 5. O-O Nc6 6. b3 Bd6 7. c4 Bc7 8. cxd5
exd5 9. Nbd2 O-O 10. Ba3 b6 11. d4 Bd6 12. dxc5 Bxc5 13. Bxc5 bxc5 14. Rc1 Qb6
15. Qc2 Nb4 16. Qxc5 Qxc5 17. Rxc5 Nxa2 18. Nd4 Nb4 19. Rb5 a5 20. Ra1 Bd7 21.
Rbxa5 Rxa5 22. Rxa5 Rc8 23. h3 h6 24. Kh2 Nc2 25. N2f3 g5 26. Nxc2 Rxc2 27. Nd4
Rd2 28. e3 Rxf2 29. Kg1 Rb2 30. Ra8+ Kg7 31. Rb8 Ne4 32. Rb7 Bc8 33. Rc7 Nd6 34.
Rc6 Nf5 35. Rxc8 Nxe3 36. Bf3 Rb1+ 37. Kf2 Nf1 38. Bxd5 Nd2 39. Rc7 1-0

[Event "40th Olympiad Women"]
[Site "Istanbul TUR"]
[Date "2012.08.30"]
[Round "3.35"]
[Board "4"]
[White "de San Vicente, Sabrina"]
[Black "Frick, Denise"]
[Result "0-1"]
[BlackTitle "WIM"]
[WhiteElo "1730"]
[BlackElo "1896"]
[WhiteTeam "Uruguay"]
[BlackTeam "South Africa"]
[WhiteFideId "3003973"]
[BlackFideId "14300818"]
[EventDate "2012.08.28"]

1. d4 d5 2. c4 c6 3. cxd5 cxd5 4. Nc3 Nf6 5. Bf4 Nc6 6. e3 a6 7. Bd3 Bg4 8. Qb3
Na5 9. Qc2 b5 10. a3 Rc8 11. Nge2 e6 12. O-O Bh5 13. Rfc1 Be7 14. b4 Nc4 15. Qb1
Bg6 16. Bxg6 hxg6 17. a4 Nh5 18. axb5 axb5 19. Nxb5 Nxf4 20. Nxf4 Rb8 21. Na7
Qd6 22. g3 Rxb4 23. Qa2 O-O 24. Nd3 Rb6 25. Rcb1 Rfb8 26. Rxb6 Qxb6 27. Qa6 Qxa6
28. Rxa6 Ra8 29. Kg2 Bd6 30. Rxd6 Nxd6 31. Nc6 Ne4 32. Ncb4 Ra1 33. h4 Rd1 34.
Nb2 Rd2 35. N2d3 Kf8 36. Kf3 Ke8 37. Kg2 Nc3 38. Kf3 Na2 39. Nxa2 Rxd3 40. Nb4
Rc3 41. Na6 Ke7 42. Nc5 e5 43. Na4 Ra3 44. Nb6 exd4 45. Nxd5+ Kd6 46. Nb6 Rc3
47. Ke2 Rc6 48. Na4 Ra6 49. exd4 Rxa4 50. Ke3 Kd5 0-1

[Event "40th Olympiad Women"]
[Site "Istanbul TUR"]
[Date "2012.08.30"]
[Round "3.36"]
[Board "1"]
[White "Smith, Olivia"]
[Black "Ptacnikova, Lenka"]
[Result "0-1"]
[WhiteTitle "WFM"]
[BlackTitle "WGM"]
[WhiteElo "2022"]
[BlackElo "2281"]
[WhiteTeam "Wales"]
[BlackTeam "Iceland"]
[WhiteFideId "411850"]
[BlackFideId "305650"]
[EventDate "2012.08.28"]

1. e4 c5 2. Nf3 Nc6 3. Bb5 Nd4 4. Nxd4 cxd4 5. O-O g6 6. d3 Bg7 7. Nd2 Nf6 8. f4
O-O 9. h3 Qc7 10. Bc4 d5 11. exd5 b5 12. Bb3 Bb7 13. Ne4 Nxd5 14. Bxd5 Bxd5 15.
f5 Qc6 16. Qe2 Rac8 17. fxg6 hxg6 18. Rf2 Qe6 19. Bf4 Rc6 20. Re1 Rfc8 21. Qd1
Qd7 22. a3 a5 23. Rfe2 b4 24. axb4 axb4 25. Nf2 b3 26. cxb3 e6 27. Ng4 f6 28. b4
Qb7 29. Bd2 Qb5 30. Nf2 Rc2 31. Bf4 Rxe2 32. Qxe2 Qxb4 33. Rc1 Rxc1+ 34. Bxc1
Qb3 35. Kh2 Kf7 36. Ng4 Qb8+ 37. g3 Qc7 38. Qd1 Bb7 39. Nf2 f5 40. Qf1 Be5 41.
Qg1 Bxg3+ 42. Qxg3 Qxc1 43. Qh4 Qxb2 44. Qh7+ Kf6 45. Qh4+ Ke5 46. Qh8+ Kf4 47.
Qh4+ Kf3 48. Qg3+ Ke2 49. h4 Qd2 50. h5 gxh5 51. Qh4 Kf1 0-1

[Event "40th Olympiad Women"]
[Site "Istanbul TUR"]
[Date "2012.08.30"]
[Round "3.36"]
[Board "2"]
[White "Thorsteinsdottir, Hallgerdur"]
[Black "Blackburn, Suzie G."]
[Result "1-0"]
[BlackTitle "WFM"]
[WhiteElo "1957"]
[BlackElo "1967"]
[WhiteTeam "Iceland"]
[BlackTeam "Wales"]
[WhiteFideId "2302454"]
[BlackFideId "414930"]
[EventDate "2012.08.28"]

1. e4 e6 2. d4 d5 3. Nd2 Nf6 4. e5 Nfd7 5. Bd3 c5 6. c3 Nc6 7. Ne2 Qb6 8. Nf3
cxd4 9. cxd4 f6 10. exf6 Nxf6 11. O-O Bd6 12. Nc3 O-O 13. Be3 Bd7 14. Re1 Be8
15. Ng5 Nb4 16. Bb1 h6 17. Nh3 Bh5 18. Qd2 Qc7 19. Bf4 Ng4 20. Bxd6 Qxd6 21. g3
e5 22. Nb5 Qf6 23. f4 exf4 24. Nxf4 Be8 25. Re6 Qf7 26. Qxb4 Qd7 27. Bh7+ Kxh7
28. Qxf8 Bf7 29. Re7 Qxb5 30. Qxf7 Rg8 31. Qg6+ 1-0

[Event "40th Olympiad Women"]
[Site "Istanbul TUR"]
[Date "2012.08.30"]
[Round "3.36"]
[Board "3"]
[White "Roberts, Lynda"]
[Black "Johannsdottir, Johanna Bjorg"]
[Result "1-0"]
[WhiteElo "1914"]
[BlackElo "1886"]
[WhiteTeam "Wales"]
[BlackTeam "Iceland"]
[WhiteFideId "1800191"]
[BlackFideId "2303108"]
[EventDate "2012.08.28"]

1. e4 c5 2. Nc3 e6 3. g3 d5 4. Bg2 dxe4 5. Nxe4 Be7 6. Ne2 Nf6 7. O-O O-O 8. d4
Nbd7 9. c3 Nxe4 10. Bxe4 cxd4 11. Nxd4 Nf6 12. Bg2 Qb6 13. Qb3 Qxb3 14. Nxb3 Nd5
15. Rd1 Rd8 16. Na5 Bd7 17. Nxb7 Rdb8 18. Na5 Bd8 19. Nb3 Bb5 20. Nd4 Ba4 21.
Nb3 Rc8 22. Bxd5 exd5 23. Rxd5 Bc6 24. Rd1 Bf6 25. Be3 h5 26. h4 Kh7 27. Bd4 Bd8
28. Re1 g5 29. hxg5 Bxg5 30. Re5 Kg6 31. f4 Bf6 32. Re3 Bd8 33. Nd2 Kf5 34. Nf3
Bc7 35. Kf2 Bd6 36. Rh1 Kg6 37. Rh2 Bb5 38. Nh4+ Kh7 39. Nf5 Bf8 40. Rxh5+ Kg6
41. Rg5+ Kh7 42. g4 1-0

[Event "40th Olympiad Women"]
[Site "Istanbul TUR"]
[Date "2012.08.30"]
[Round "3.36"]
[Board "4"]
[White "Kristinardottir, Elsa Maria"]
[Black "Wang, Alyssa"]
[Result "1-0"]
[WhiteElo "1737"]
[BlackElo "1541"]
[WhiteTeam "Iceland"]
[BlackTeam "Wales"]
[WhiteFideId "2300370"]
[BlackFideId "1802267"]
[EventDate "2012.08.28"]

1. e4 c6 2. d4 d5 3. exd5 cxd5 4. Nf3 Nc6 5. Bb5 a6 6. Bxc6+ bxc6 7. c4 Nf6 8.
Nc3 Bg4 9. Qa4 Qd6 10. Ne5 dxc4 11. Qxc4 e6 12. Qxc6+ Qxc6 13. Nxc6 Bf5 14. O-O
Bd6 15. Re1 O-O 16. Bg5 Rfc8 17. Bxf6 gxf6 18. d5 exd5 19. Nd4 Bg6 20. Nxd5 Bc5
21. Nb3 Kg7 22. Rac1 Ba7 23. h4 Rxc1 24. Rxc1 Re8 25. Nf4 Re4 26. g3 h6 27. Nxg6
Kxg6 28. Rc2 Rg4 29. Kg2 Rb4 30. Nd2 Bd4 31. b3 a5 32. Rc4 Be5 33. Nf3 Kf5 34.
g4+ Ke6 35. Nxe5 fxe5 36. Rc6+ Kd5 37. Rxh6 Rxg4+ 38. Kf3 Rf4+ 39. Kg3 f6 40.
Rh8 Kc5 41. Ra8 Kb4 42. h5 Rd4 43. h6 Rd7 44. Kg4 Rh7 45. Kh5 e4 46. Kg6 1-0

[Event "40th Olympiad Women"]
[Site "Istanbul TUR"]
[Date "2012.08.30"]
[Round "3.37"]
[Board "1"]
[White "Azman Hisham, Nur Najiha"]
[Black "Cordero, Daniela"]
[Result "0-1"]
[WhiteTitle "WFM"]
[BlackTitle "WIM"]
[WhiteElo "1882"]
[BlackElo "2055"]
[WhiteTeam "Malaysia"]
[BlackTeam "Bolivia"]
[WhiteFideId "5704685"]
[BlackFideId "3301630"]
[EventDate "2012.08.28"]

1. d4 d6 2. c4 e5 3. dxe5 dxe5 4. Qxd8+ Kxd8 5. Nf3 f6 6. Nc3 Be6 7. b3 Nd7 8.
Bb2 Nh6 9. h3 c6 10. O-O-O a5 11. e3 Kc7 12. Be2 Nb6 13. g4 Nf7 14. Ne4 h6 15.
Nh4 a4 16. Ng6 Rg8 17. Nxf8 Rgxf8 18. Nc5 Bc8 19. Bd3 axb3 20. axb3 Ra5 21. b4
Ra8 22. Kc2 Nd6 23. Kb3 Re8 24. Ra1 Rxa1 25. Rxa1 Nd7 26. Ra8 e4 27. Be2 Nxc5+
28. bxc5 Nf7 29. Bc3 Ng5 30. Bf1 Kd7 31. h4 Nf3 32. g5 Ke7 33. gxf6+ gxf6 34. h5
Rg8 35. Bh3 Be6 36. Rxg8 Bxg8 37. Bc8 Kd8 38. Bf5 Ne5 39. Bxe5 fxe5 40. Bxe4 Bf7
41. Bf3 Ke7 42. Kb4 Kf6 43. Be2 Kg5 44. Ka5 Bxh5 45. f4+ exf4 46. exf4+ Kh4 47.
Bd3 Bf3 48. Kb6 Kg4 49. f5 Kg5 50. Kxb7 h5 51. Bf1 Kxf5 52. Bh3+ Kf4 53. Kc7 h4
54. Bd7 Bg2 55. Kd6 Kg3 56. Bxc6 h3 57. Bd5 h2 58. Bxg2 Kxg2 59. c6 h1=Q 60. Kc7
Kf3 61. Kb8 Qb1+ 62. Ka7 Qa2+ 63. Kb8 Qb3+ 64. Ka8 Qb6 65. c7 Qxc7 0-1

[Event "40th Olympiad Women"]
[Site "Istanbul TUR"]
[Date "2012.08.30"]
[Round "3.37"]
[Board "2"]
[White "Estrada, Lucia"]
[Black "Azman Hisham, Nur Nabila"]
[Result "0-1"]
[WhiteTitle "WIM"]
[BlackTitle "WCM"]
[WhiteElo "2026"]
[BlackElo "1910"]
[WhiteTeam "Bolivia"]
[BlackTeam "Malaysia"]
[WhiteFideId "3301923"]
[BlackFideId "5702135"]
[EventDate "2012.08.28"]

1. d4 Nf6 2. c4 c5 3. e3 g6 4. Nc3 Bg7 5. d5 d6 6. Bd3 Nbd7 7. e4 Qa5 8. Ne2 b5
9. cxb5 a6 10. bxa6 Bxa6 11. O-O O-O 12. f4 Rfb8 13. h3 c4 14. Bc2 Nc5 15. Nd4
Nd3 16. Nc6 Qc5+ 17. Kh2 Rb7 18. Bxd3 cxd3 19. Re1 Qb6 20. Qf3 Qc7 21. e5 Ne8
22. a4 dxe5 23. fxe5 f6 24. b4 fxe5 25. Kh1 Nd6 26. Rb1 Bc4 27. Bg5 Nf5 28. g4
Nd4 29. Qe4 e6 30. Nxd4 exd4 31. Qxe6+ Qf7 32. Qxf7+ Rxf7 33. Nd1 Bxd5+ 34. Kh2
h6 35. Bd2 Raf8 36. Kg1 Rf3 37. Rb2 Rg3+ 0-1

[Event "40th Olympiad Women"]
[Site "Istanbul TUR"]
[Date "2012.08.30"]
[Round "3.38"]
[Board "1"]
[White "Mir Mahmoud, Afamia"]
[Black "Al-Rufaye, Iman Hasan Mohammed"]
[Result "0-1"]
[BlackTitle "WIM"]
[WhiteElo "1970"]
[BlackElo "2171"]
[WhiteTeam "Syria"]
[BlackTeam "Iraq"]
[WhiteFideId "7600674"]
[BlackFideId "4801067"]
[EventDate "2012.08.28"]

1. d4 d5 2. Nf3 Nf6 3. c4 e6 4. Nc3 Be7 5. Bg5 O-O 6. e3 Nbd7 7. Rc1 h6 8. Bh4
dxc4 9. Bxc4 a6 10. O-O b5 11. Bd3 Bb7 12. Qe2 c5 13. Rfd1 cxd4 14. Nxd4 Qb6 15.
Bb1 Rac8 16. e4 Bc5 17. Nb3 e5 18. Nxc5 Nxc5 19. b4 Ncd7 20. a3 Rc4 21. Ba2 Rd4
22. Nd5 Nxd5 23. Rxd4 Qxd4 24. Rd1 Nc3 0-1

[Event "40th Olympiad Women"]
[Site "Istanbul TUR"]
[Date "2012.08.30"]
[Round "3.38"]
[Board "2"]
[White "Jalaluldeen, Kareen Kamal J."]
[Black "Algildah, Nibal"]
[Result "1/2-1/2"]
[WhiteTitle "WFM"]
[BlackTitle "WIM"]
[WhiteElo "1779"]
[BlackElo "1881"]
[WhiteTeam "Iraq"]
[BlackTeam "Syria"]
[WhiteFideId "4801776"]
[BlackFideId "7600950"]
[EventDate "2012.08.28"]

1. d4 Nf6 2. c4 e6 3. Nc3 Bb4 4. Qb3 c5 5. Bg5 O-O 6. Nf3 h6 7. Bh4 Nc6 8. e3 g5
9. Bg3 g4 10. Ne5 Na5 11. Qc2 cxd4 12. exd4 Bxc3+ 13. Qxc3 d6 14. Nd3 Ne4 15.
Qc1 Qf6 16. Qe3 d5 17. Be5 Nxc4 18. Qxe4 dxe4 19. Bxf6 exd3 20. Bxd3 Nb6 21. h3
g3 22. fxg3 Nd5 23. Be5 f6 24. Bf4 Kg7 25. Rc1 Bd7 26. Be4 Rac8 27. Kd2 Bc6 28.
Rhe1 Rfd8 29. Bxd5 Bxd5 30. a3 Rxc1 31. Rxc1 Bxg2 32. Ke3 Rd7 33. h4 Bc6 34. Rc5 1/2-1/2

[Event "40th Olympiad Women"]
[Site "Istanbul TUR"]
[Date "2012.08.30"]
[Round "3.38"]
[Board "4"]
[White "Al-Khalidi, Aisha Ali Ahmed"]
[Black "Stef, Shirin"]
[Result "0-1"]
[WhiteElo "1597"]
[BlackElo "1942"]
[WhiteTeam "Iraq"]
[BlackTeam "Syria"]
[WhiteFideId "4806042"]
[BlackFideId "7602030"]
[EventDate "2012.08.28"]

1. e4 e6 2. d4 d5 3. exd5 exd5 4. Nf3 Bg4 5. Bd3 Bd6 6. Nc3 c6 7. Be3 Nd7 8. Qd2
Qc7 9. O-O-O Ne7 10. Kb1 O-O-O 11. Rc1 Ng6 12. Ng5 Nf6 13. h3 Bd7 14. Ne2 Be6
15. Nxe6 fxe6 16. c4 Nh4 17. cxd5 exd5 18. g3 Nf3 19. Qc2 Kb8 20. Nf4 Qe7 21.
Ng2 Ne4 22. h4 Rhf8 23. Qa4 Nfd2+ 24. Kc2 Nxf2 25. Kxd2 Nxd3 26. Rcg1 Nf2 0-1

[Event "40th Olympiad Women"]
[Site "Istanbul TUR"]
[Date "2012.08.30"]
[Round "3.39"]
[Board "1"]
[White "Hamza, Amira"]
[Black "Boric, Elena"]
[Result "0-1"]
[WhiteTitle "WCM"]
[BlackTitle "WIM"]
[WhiteElo "1840"]
[BlackElo "2319"]
[WhiteTeam "Algeria"]
[BlackTeam "Bosnia & Herzegovina"]
[WhiteFideId "7901160"]
[BlackFideId "14400839"]
[EventDate "2012.08.28"]

1. d4 f5 2. g3 Nf6 3. Bg2 d6 4. Nf3 g6 5. O-O Bg7 6. b4 O-O 7. Bb2 Qe8 8. c4
Nbd7 9. Nbd2 e5 10. e3 h6 11. c5 e4 12. Qb3+ Kh8 13. Ne1 d5 14. b5 c6 15. Nc2
Nh5 16. f4 exf3 17. Nxf3 Nhf6 18. Nd2 Rf7 19. Nb4 Nf8 20. Rfe1 Bd7 21. Bc3 Re7
22. Nf1 Ne4 23. bxc6 bxc6 24. Bxe4 Rxe4 25. Na6 Qc8 26. Qa4 Nh7 27. Nd2 Re7 28.
Nf3 Be8 29. Nb4 Nf6 30. Nd3 Ne4 31. Qc2 g5 32. Rab1 Qa6 33. Nb4 Qc8 34. Nd3 Bg6
35. Nfe5 Bh7 36. Rb3 Qe8 37. Qb2 h5 38. Rb1 f4 39. gxf4 gxf4 40. exf4 Qg8 41.
Kf1 Rf8 42. Be1 Qe6 43. Rb8 Rxb8 44. Qxb8+ Re8 45. Qc7 Nd2+ 46. Bxd2 Bxd3+ 47.
Kg1 Bxe5 48. dxe5 Qg4+ 49. Kf2 Qe2+ 0-1

[Event "40th Olympiad Women"]
[Site "Istanbul TUR"]
[Date "2012.08.30"]
[Round "3.39"]
[Board "2"]
[White "Dimitrijevic, Aleksandra"]
[Black "Latreche, Khadidja"]
[Result "1-0"]
[WhiteTitle "WFM"]
[BlackTitle "WCM"]
[WhiteElo "2280"]
[BlackElo "1889"]
[WhiteTeam "Bosnia & Herzegovina"]
[BlackTeam "Algeria"]
[WhiteFideId "929239"]
[BlackFideId "7901780"]
[EventDate "2012.08.28"]

1. g3 c5 2. Bg2 Nc6 3. Nf3 g6 4. O-O Bg7 5. c4 e6 6. Nc3 Nge7 7. e4 O-O 8. d3 d6
9. a3 Rb8 10. Be3 e5 11. b4 Nd4 12. Nd2 f5 13. f4 exf4 14. gxf4 b5 15. cxb5 Nxb5
16. Nxb5 Bxa1 17. Qxa1 Rxb5 18. Qa2+ Rf7 19. bxc5 dxc5 20. Nf3 Qxd3 21. Qxf7+
Kxf7 22. Ne5+ Ke8 23. Nxd3 Rb3 24. Bxc5 Rxd3 25. Re1 Rd7 26. exf5 Kf7 27. Bxe7
Rxe7 28. fxg6+ hxg6 29. Rxe7+ Kxe7 30. Kf2 Kf6 31. Ke3 Ba6 32. a4 g5 33. fxg5+
Kxg5 34. Kd4 Kf4 35. a5 Be2 36. Kc5 Ke5 37. Kc6 Ke6 38. Kb7 Kd7 39. Kxa7 Kc7 40.
h4 Bg4 41. Bd5 Bh5 42. Be4 Bf7 43. Bf3 Bc4 44. h5 Bd3 45. Bd5 Kd6 46. Bf7 Ke7
47. Bg6 Bc4 48. h6 Kf6 49. h7 Kg7 50. Kb6 Kh8 51. Be8 Kxh7 52. Bb5 Bd5 53. a6
Kg7 54. Bc6 1-0

[Event "40th Olympiad Women"]
[Site "Istanbul TUR"]
[Date "2012.08.30"]
[Round "3.39"]
[Board "3"]
[White "Latreche, Sabrina"]
[Black "Dengler, Dijana"]
[Result "1/2-1/2"]
[WhiteTitle "WIM"]
[BlackTitle "WFM"]
[WhiteElo "1949"]
[BlackElo "2066"]
[WhiteTeam "Algeria"]
[BlackTeam "Bosnia & Herzegovina"]
[WhiteFideId "7901798"]
[BlackFideId "14400081"]
[EventDate "2012.08.28"]

1. e4 e6 2. Qe2 e5 3. Nf3 Nc6 4. c3 d6 5. d4 Nf6 6. Qc2 Be7 7. Bc4 O-O 8. O-O
Bg4 9. Nbd2 h6 10. a4 Nh7 11. Bd5 exd4 12. Nxd4 Nxd4 13. cxd4 c6 14. Ba2 Qb6 15.
Nc4 Qxd4 16. Be3 Qf6 17. e5 dxe5 18. Bb1 g6 19. Bxh6 Rfe8 20. Qe4 Bf5 21. Qxe5
Qxe5 22. Nxe5 Bxb1 23. Raxb1 Nf6 24. Nf3 Nd5 25. Bd2 Bf6 26. Rfe1 Rxe1+ 27. Nxe1
Rd8 28. Nf3 Nc7 29. Kf1 Ne6 30. Be3 b6 31. b4 Rd5 32. Rc1 c5 33. bxc5 bxc5 34.
Rb1 Rd7 35. Rb8+ Kg7 36. Rc8 Be7 37. Ke2 Nd4+ 38. Bxd4+ cxd4 39. Kd3 Bf6 40. Rc4
Rb7 41. Nxd4 Rb1 42. Nc2 Bd8 43. Ke2 Bb6 44. h3 Rb2 45. Kf3 Rb3+ 46. Ne3 Ra3 47.
Ke2 Ra2+ 48. Nc2 Rb2 49. Kf3 Rb3+ 50. Ne3 Ra3 51. Ke2 Ra2+ 52. Nc2 Rb2 53. Kf3 1/2-1/2

[Event "40th Olympiad Women"]
[Site "Istanbul TUR"]
[Date "2012.08.30"]
[Round "3.39"]
[Board "4"]
[White "Dedijer, Sanja"]
[Black "Abdi, Zineb Dina"]
[Result "0-1"]
[BlackTitle "WCM"]
[WhiteElo "2036"]
[BlackElo "1898"]
[WhiteTeam "Bosnia & Herzegovina"]
[BlackTeam "Algeria"]
[WhiteFideId "14401878"]
[BlackFideId "7900880"]
[EventDate "2012.08.28"]

1. d4 d5 2. c4 e6 3. Nc3 Nf6 4. cxd5 exd5 5. Bg5 Be7 6. e3 c6 7. Qc2 Nbd7 8. Bd3
h6 9. Bh4 O-O 10. Nf3 Re8 11. O-O-O Ne4 12. Bxe7 Qxe7 13. Kb1 b5 14. h3 a5 15.
g4 Ba6 16. h4 b4 17. Na4 Bb5 18. Rdf1 Qf6 19. Rh3 Qg6 20. Ne1 Qxg4 21. Rhh1 Bxa4
22. Qxa4 Nd2+ 23. Ka1 Nxf1 24. Bxf1 Nb6 25. Qc2 Qe4 26. Rg1 Qxc2 27. Nxc2 Rac8
28. Bd3 c5 29. dxc5 Rxc5 30. Nd4 Rec8 31. Nb3 R5c7 32. Bf5 Rd8 33. Nxa5 g6 34.
h5 g5 35. f4 f6 36. fxg5 fxg5 37. Nb3 Re8 38. Nd4 Rxe3 39. Be6+ Kf8 40. Rf1+ Ke8
41. b3 Re7 42. Bf5 Re1+ 43. Rxe1 Rxe1+ 44. Kb2 g4 45. Nc2 Rg1 46. Nxb4 g3 47. a4
g2 48. Bh3 Rb1+ 0-1

[Event "40th Olympiad Women"]
[Site "Istanbul TUR"]
[Date "2012.08.30"]
[Round "3.40"]
[Board "2"]
[White "Johansson, Viktoria"]
[Black "Gonzalez, Yaribeth"]
[Result "1-0"]
[WhiteTitle "WIM"]
[BlackTitle "WCM"]
[WhiteElo "2179"]
[BlackElo "1796"]
[WhiteTeam "Sweden"]
[BlackTeam "Panama"]
[WhiteFideId "1701940"]
[BlackFideId "6600344"]
[EventDate "2012.08.28"]

1. d4 d5 2. c4 dxc4 3. Nf3 Nf6 4. e3 e6 5. Bxc4 Bb4+ 6. Nbd2 O-O 7. O-O c6 8.
Qe2 Nbd7 9. e4 Nb6 10. Bd3 Nfd7 11. e5 f5 12. exf6 Nxf6 13. Ne4 Nbd5 14. Neg5
Qd6 15. Ne5 h6 16. Ngf3 Ne7 17. a3 Ba5 18. Nc4 Qd8 19. Nxa5 Qxa5 20. Bd2 Qh5 21.
Rac1 Nfd5 22. Qe4 Qf5 23. Qxf5 exf5 24. Rfe1 Ng6 25. Bc4 Bd7 26. h4 Kh7 27. Bxd5
cxd5 28. Rc7 Bc6 29. h5 Nh8 30. Ree7 Rg8 31. Nh4 Raf8 32. Bf4 Be8 33. Rxb7 Bxh5
34. Rxa7 Rf7 35. Be5 Rxe7 36. Rxe7 Ng6 37. Nxg6 Bxg6 38. Rd7 Be8 39. Rxd5 Ba4
40. Ra5 Bb3 41. Rb5 Bc4 42. Rc5 Bb3 43. Rc3 Bd5 44. b4 Ra8 45. Rc7 Kg6 46. Rxg7+
Kh5 47. Rg3 Rc8 48. Bf4 Rc4 49. Rh3+ Kg4 50. Bxh6 f4 51. f3+ Kf5 52. Rh5+ Ke6
53. Re5+ Kd6 54. Bxf4 1-0